Health and social care : (Record no. 4563)

MARC details
000 -LEADER
fixed length control field 00619nam a22002177a 4500
003 - CONTROL NUMBER IDENTIFIER
control field OSt
005 - DATE AND TIME OF LATEST TRANSACTION
control field 20160630141331.0
008 - FIXED-LENGTH DATA ELEMENTS--GENERAL INFORMATION
fixed length control field 160630b xxu||||| |||| 00| 0 eng d
020 ## - INTERNATIONAL STANDARD BOOK NUMBER
International Standard Book Number 0435465279
040 ## - CATALOGING SOURCE
Transcribing agency 040a
082 ## - DEWEY DECIMAL CLASSIFICATION NUMBER
Classification number WA 4
Item number B94s 2007
100 ## - MAIN ENTRY--PERSONAL NAME
Personal name Burgess, Colette
9 (RLIN) 9776
245 ## - TITLE STATEMENT
Title Health and social care :
Remainder of title easy steps /
Statement of responsibility, etc. Colette Burgess, Nicki Pritchatt, Colin Shaw
260 ## - PUBLICATION, DISTRIBUTION, ETC. (IMPRINT)
Place of publication, distribution, etc. London
Name of publisher, distributor, etc. Heinemann
Date of publication, distribution, etc. 2007
300 ## - PHYSICAL DESCRIPTION
Extent xv, 339p;
Other physical details col.ill ;
Dimensions 18 cm.
504 ## - BIBLIOGRAPHY, ETC. NOTE
Bibliography, etc Includes index
650 ## - SUBJECT ADDED ENTRY--TOPICAL TERM
Topical term or geographic name as entry element Health care
9 (RLIN) 12
700 ## - ADDED ENTRY--PERSONAL NAME
Personal name Pritchatt, Nicki
9 (RLIN) 9777
700 ## - ADDED ENTRY--PERSONAL NAME
Personal name Shaw, Colin
9 (RLIN) 9778
942 ## - ADDED ENTRY ELEMENTS (KOHA)
Source of classification or shelving scheme Other/Generic Classification Scheme
Koha item type Open Shelf
Holdings
Withdrawn status Lost status Source of classification or shelving scheme Damaged status Not for loan Home library Current library Date acquired Source of acquisition Inventory number Total Checkouts Full call number Barcode Date last seen Price effective from Koha item type
    Other/Generic Classification Scheme     MUST Main Library MUST Main Library 30/06/2016   2009/31284   WA 4 B94s 2007 2016-2878 30/06/2016 30/06/2016 Open Shelf